Score 0/14 Timer 02:00
1 Play Today
% Correct
20 Miles
71.3%
Eighth of a Mile
48.5%
Quarter of a Cent
45.2%
18 Inches approx.(Elbow to Fingertip)
41.9%
4 Pecks
41.1%
3 Inches
37.1%
6 Feet
28.4%
% Correct
11 Feet
24.6%
9 Inches
20.5%
2 Quarts
16.6%
6 Gallons
16.2%
9 Gallons
12.9%
Quarter Ounce
10.9%
90 Gallons
10.4%
Remove Ads.
Support Sporcle.
Get the best of Sporcle when you Go Orange. This ad-free experience offers more features, more stats, and more fun while also helping to support Sporcle. Thank you for becoming a member.

You're not logged in!

Compare scores with friends on all Sporcle quizzes.
OR
Log In

Sporcle TV

Today on Sporcle TV


Watch our educational content, quiz creation guides, and fun videos on Sporcle TV.

Show Comments

Extras

Top Quizzes Today


Score Distribution

Paid Content

Your Account Isn't Verified!

In order to create a playlist on Sporcle, you need to verify the email address you used during registration. Go to your Sporcle Settings to finish the process.

Report this User

Report this user for behavior that violates our Community Guidelines.

Details: